KOHA-Header-6

Strategic Brand Management (Building, Measuring, and Managing Brand Equity) (Record no. 661)

000 -LEADER
fixed length control field 00385nam a2200121Ia 4500
008 - FIXED-LENGTH DATA ELEMENTS--GENERAL INFORMATION
fixed length control field 190722s9999 xx 000 0 und d
020 ## - INTERNATIONAL STANDARD BOOK NUMBER
International Standard Book Number 978-93-325-4220-4
100 ## - MAIN ENTRY--PERSONAL NAME
Personal name Keller, Parameswaran, Jacob
245 #0 - TITLE STATEMENT
Title Strategic Brand Management (Building, Measuring, and Managing Brand Equity)
260 ## - PUBLICATION, DISTRIBUTION, ETC. (IMPRINT)
Place of publication, distribution, etc India
Name of publisher, distributor, etc Pearson India Education Services Pvt. Ltd.
Date of publication, distribution, etc 2016
300 ## - PHYSICAL DESCRIPTION
Extent 586
942 ## - ADDED ENTRY ELEMENTS (KOHA)
Koha item type Books
Holdings
Withdrawn status Lost status Damaged status Not for loan Collection code Permanent Location Current Location Shelving location Date acquired Total Checkouts Full call number Barcode Date last seen Date checked out Price effective from Koha item type
        Marketing MAJU MAJU   2019-07-22 2 658.827 7287 2020-11-24 2020-11-18 2019-07-22 Marketing

Powered by Koha